| 000 | 00898nam a2200265 i 4500 | ||
|---|---|---|---|
| 001 | 185988 | ||
| 003 | SpMaBN | ||
| 005 | 20240524063013.0 | ||
| 008 | 160901r19881917sp |||| | spa d | ||
| 020 | _a84-86556-53-8 | ||
| 080 | _a239 | ||
| 100 | 0 |
_aChesterton, G. K., _d1874-1936 _938399 |
|
| 245 | 1 | 0 |
_aOrtodoxia / _cG.K. Chesterton. |
| 260 |
_aBarcelona : _bAlta Fulla, _c1988. |
||
| 300 |
_a315 p. ; _c17 cm. |
||
| 490 | 1 |
_aBiblioteca. _a"Extravagantes" ; _v3 |
|
| 534 |
_pReprod. facs. de la ed. de: _cMadrid : Casa Editorial Calleja, 1917 _nTraducido por Alfonso Reyes. |
||
| 650 | 0 | 7 |
_aApologética. _99921 |
| 655 | 7 |
_2tgfbne _9226495 _aFacsĂmiles |
|
| 700 | 1 |
_aReyes, Alfonso, _d1889-1959 _996554 |
|
| 830 | 0 |
_aBiblioteca. _a"Extravagantes" ; _v3 _9225317 |
|
| 852 |
_aES-MaACL _jL-30599 _z. - Donat. Miguel A. Velasco |
||
| 942 | _2udc | ||
| 999 |
_c185988 _d185988 |
||